000 00325nam a22001457a 4500
008 210519b ||||| |||| 00| 0 eng d
020 _a0030045347
041 _aeng
080 _22nd
_a53
082 _a53
100 _a43
101 _aFIZ
245 _aPhysics for Scientists & Engineers
_cSerway,R.A
942 _2udc
_cBK
999 _c57461
_d57461